000 01321nam a2200349 i 4500
003 peliumch
005 20260116142803.0
007 ta
008 260116t2020 xxu||||gr|||| 00| 0 spa d
020 _a9786124059261
040 _aUMCH
_bspa
_cUMCH
_djmr
_erda
041 0 _aspa
043 _as-pe---
082 0 4 _a340/R75
100 1 _aRodríguez Chávez, Iván
_eautor
245 _aIntroducción al derecho /
_cIván Rodríguez Chávez
250 _aPrimera edición
264 1 _aLima :
_bUniversidad Ricardo Palma ,
_c2020
264 4 _c©2020
300 _a208 páginas ;
_c24 cm.
504 _aincluye bibliografia
505 _gCapítulo I:
_tEl derecho y el lenguaje--
_gCapítulo II:
_tEl conocimiento del derecho--
_gCapítulo III:
_tEl derecho y los otros sistemas normativos--
_gCapítulo IV:
_tDerecho y sociedad--
_gCapítulo V:
_tDerecho y persona--
_gCapítulo VI:
_tJusticia y derecho--
_gCapítulo VII:
_tLas fuentes del derecho--
_gCapítulo VIII:
_tLas ramas del derecho--
521 _aRecomendado para un público general.
650 1 4 _aDerecho--Filosofía
650 2 4 _aDerecho--Fuentes
650 2 4 _aDerecho y sociedad
942 _2ddc
_cLIB
_n0
999 _c53576
_d53576